000 01168cam a22003011a 4500
001 agr49000549
003 DLC
005 20260227111012.0
008 780417s1949 dcu b f001 0 eng
010 _aagr49000549
035 _a(OCoLC)3806597
040 _aDLC
_cIPAR
_dDNAL
_dDLC
042 _apremarc
050 0 0 _aZ1009
_b.U57 no. 10
070 0 _a1
_bAg84Bi no.10
072 0 _aN200
_aP110
_aX200
082 _a016.665
100 1 _aWiebe, Richard,
_d1896-
245 1 4 _aThe technical literature of agricultural motor fuels :
_bincluding physical and chemical properties, engine performance, economics, patents, and books /
_cby Richard Wiebe and Janina Nowakowska.
260 _aWashington, D.C. :
_bU.S. Dept. of Agriculture,
_c1949.
300 _avi, 259 p. ;
_c24cm.
490 1 _aBibliographical bulletin / United States Department of Agriculture ;
_vno. 10
500 _aContribution from Bureau of Agricultural and Industrial Chemistry.
500 _aIncludes indexes.
650 0 _aMotor fuels
_vBibliography.
700 1 _aNowakowska, Janina,
_d1907-
830 0 _aBibliographical bulletin (United States. Department of Agriculture) ;
_vno. 10.
999 _c11063
_d11063